LOTR Name to Name Quiz Stats

 Plays Quiz Updated May 17, 2018

Score 0/40 Timer 09:00
26 Plays Today
Clue Name % Correct
He has the One Ring at the beginning of The Fellowship of the RingBilbo
98.8%
who took the ring fromGollum
96.4%
whose lair doubles as a passage into the land ofMordor
90.4%
where the One Ring was forged bySauron
89.5%
which contains the volcanoMount Doom
82.4%
whose wielder isAragorn
82.2%
whose gardener isSamwise
81.6%
who track the ringbearerFrodo
81.2%
who has an orc-slaying competition withLegolas
78%
who leads a pair of hobbits to the spiderShelob
77.8%
who gives some strands of her hair toGimli
76.5%
who lost the One Ring toIsildur
73.8%
whose best friend isPippin
73.6%
who has a vendetta against the wizardSaruman
73.4%
who slays the Lord of the Nazgul with the help ofMerry
73.3%
who is saved from an early cremation by the wizardGandalf
72.9%
whose father isElrond
72.5%
who lives atRivendell
72.3%
whose wife isArwen
71.9%
the steward ofGondor
71.5%
Clue Name % Correct
the magic of which drowns the horses of theBlack Riders
70.7%
which is named for the ent (in the common tongue)Treebeard
70.7%
whose knavish lackey isWormtongue
69.5%
over which went the funereal boat ofBoromir
69.3%
the home of this author of 'There and Back Again'Bilbo
68.2%
whose brother isFaramir
67.9%
who is given a small box of earth byGaladriel
66.8%
who keeps in thrall the King of the Golden HallTheoden
64.4%
whose sister isEowyn
63.5%
whose nephew isEomer
60.3%
the main stronghold of which isMinas Tirith
56.6%
who yearns to walk with his dwarf friend in the forest ofFangorn
56.3%
who shoots off fireworks at a birthday party in the town ofHobbiton
56.2%
who swears fealty toDenethor
55.4%
who cut it from the Dark Lord's finger with the swordNarsil
47.9%
which is reforged into the swordAnduril
40%
which is surrounded by the field ofPelennor
37%
which borders the great riverAnduin
30%
which is protected by the Ford ofBruinen
24.8%
a section of which is the Falls ofRauros
24.6%

You're not logged in!

Compare scores with friends on all Sporcle quizzes.
OR
Log In

Sporcle TV

Today on Sporcle TV


Watch our educational content, quiz creation guides, and fun videos on Sporcle TV.

Show Comments

Extras

Top Quizzes Today


Score Distribution

Your Account Isn't Verified!

In order to create a playlist on Sporcle, you need to verify the email address you used during registration. Go to your Sporcle Settings to finish the process.

Report this User

Report this user for behavior that violates our Community Guidelines.

Details: